Mã hóa thông tin với Java

Αποθηκεύτηκε σε:
Λεπτομέρειες βιβλιογραφικής εγγραφής
Κύριος συγγραφέας: Bùi, Doãn Khanh
Μορφή: Βιβλίο
Γλώσσα:Undetermined
Έκδοση: Hà Nội Lao Động Xã Hội 2005
Θέματα:
Ετικέτες: Προσθήκη ετικέτας
Δεν υπάρχουν, Καταχωρήστε ετικέτα πρώτοι!
Thư viện lưu trữ: Trung tâm Học liệu Trường Đại học Cần Thơ
LEADER 00554nam a2200193Ia 4500
001 CTU_74216
008 210402s9999 xx 000 0 und d
020 |b 26000 
082 |a 005.133 
082 |b Kh107/T1 
100 |a Bùi, Doãn Khanh 
245 0 |a Mã hóa thông tin với Java 
245 0 |c Bùi Doãn Khanh 
260 |a Hà Nội 
260 |b Lao Động Xã Hội 
260 |c 2005 
650 |a Java ( computer program language ) 
904 |i Mai Loan, QHieu 
980 |a Trung tâm Học liệu Trường Đại học Cần Thơ